000 00749nam a2200181Ia 4500
008 151202s9999||||xx |||||||||||||| ||und||
082 _bPNVM-74907
100 _aसहस्त्रबुद्धे नरेंद्र.
245 _aवास्तु फ्लॅट संस्कृती.
260 _b"प्राजक्त प्रकाशन,पुणे."
260 _c74907
300 _a208
600 _aसहस्त्रबुद्धे नरेंद्र.
630 _aवास्तु फ्लॅट संस्कृती.
700 _aसहस्त्रबुद्धे नरेंद्र.
730 _aवास्तु फ्लॅट संस्कृती.
942 _cBOOK
999 _c1341567
_d1341564